Physical mesomechanics of heterogeneous media and computer-aded design of materials

Xehetasun bibliografikoak
Beste egile batzuk: Panin V. E. Viktor Evgenyevich (редактор), Yigorushkin V. Yi., Macarov P.V., Nemirovich-Danchenko M. M. Mikhail Mikhailovich
Gaia:В фонде НТБ ТПУ отсутствует
Hizkuntza:ingelesa
Argitaratua: Cambridge, Cambridge International Science Publishing Ltd., 1996
Gaiak:
Formatua: Liburua
KOHA link:https://koha.lib.tpu.ru/cgi-bin/koha/opac-detail.pl?biblionumber=602463

MARC

LEADER 00000nam0a2200000 4500
001 602463
005 20231101132213.0
035 |a (RuTPU)RU\TPU\tpu\28310 
090 |a 602463 
100 |a 20160412d1996 m y0engy50 ba 
101 0 |a eng 
102 |a GB 
105 |a a z 001zy 
200 1 |a Physical mesomechanics of heterogeneous media and computer-aded design of materials  |f V. E. Panin [et al.]  |g ed. V. E. Panin 
210 |a Cambridge  |c Cambridge International Science Publishing Ltd.  |d 1996 
215 |a 320 p. 
333 |a В фонде НТБ ТПУ отсутствует 
610 1 |a труды учёных ТПУ 
701 1 |a Panin  |b V. E.  |c Director of Russian materials science center  |c Research advisor of Institute of strength physics and materials science of Siberian branch of Russian Academy of Sciences  |f 1930-  |g Viktor Evgenyevich  |x TPU  |2 stltpush  |3 (RuTPU)RU\TPU\pers\26443 
701 1 |a Yigorushkin  |b V. Yi. 
701 1 |a Macarov  |b P.V. 
701 1 |a Nemirovich-Danchenko  |b M. M.  |c geophysicist  |c Professor of Tomsk Polytechnic University, Doctor of physical and mathematical sciences  |f 1955-  |g Mikhail Mikhailovich  |2 stltpush  |3 (RuTPU)RU\TPU\pers\32898 
702 1 |a Panin  |b V. E.  |c Director of Russian materials science center  |c Research advisor of Institute of strength physics and materials science of Siberian branch of Russian Academy of Sciences  |f 1930-  |g Viktor Evgenyevich  |x TPU  |2 stltpush  |3 (RuTPU)RU\TPU\pers\26443  |4 340 
801 1 |a RU  |b 63413507  |c 20160412 
942 |c BK